| 000 | 01636nam a2200481 i 4500 | ||
|---|---|---|---|
| 001 | 10808 | ||
| 003 | KOSZ 005 | ||
| 005 | 20200228081542.0 | ||
| 008 | 200228s1963 pl ab f 000 0 pol | ||
| 015 | _aPB 1963/1525 | ||
| 035 | _a991045192389705066 | ||
| 035 | _a(PL-WaBN)b2234259x-48omnis_nlop | ||
| 035 | _ab2234259x | ||
| 035 | _a(OCoLC)749141309 | ||
| 035 | _a(PL)b0000002234259 | ||
| 035 | _a(EXLNZ-48OMNIS_NETWORK)9910154297905606 | ||
| 040 |
_aWA N _cWA N _dKOSZ 005/RW |
||
| 046 | _k1963 | ||
| 080 | _a691 | ||
| 080 | _a666.9 | ||
| 080 | _a624 | ||
| 100 | 1 |
_aMeuś, Władysław _eAutor |
|
| 245 | 1 | 0 |
_aElementy i konstrukcje z tworzyw gipsowych i gipsobetonów / _cWładysław Meuś, Ryszard Rzepecki. |
| 260 |
_aWarszawa : _b"Arkady", _c1963. |
||
| 300 |
_a277, [2] stron : _bilustracje, mapa ; _c22 cm. |
||
| 336 |
_aTekst _btxt _2rdacontent |
||
| 337 |
_aBez urządzenia pośredniczącego _bn _2rdamedia |
||
| 338 |
_aWolumin _bnc _2rdacarrier |
||
| 380 | _aKsiążki | ||
| 380 | _aPublikacje fachowe | ||
| 388 | _a1901-2000 | ||
| 504 | _aBibliografia na stronach 275-[278]. | ||
| 521 | 8 | _aKsiążka przeznaczona jest dla inżynierów i techników budowlanych. | |
| 650 | 7 |
_aGips _2DBN |
|
| 650 | 7 |
_aTworzywa konstrukcyjne _2DBN |
|
| 650 | 7 | _aBudownictwo | |
| 658 | _aArchitektura i budownictwo | ||
| 700 | 1 |
_aRzepecki, Ryszard _c(inżynier) _eAutor |
|
| 710 | 2 |
_aWydawnictwo Arkady _4pbl |
|
| 856 |
_uhttp://koha.tu.koszalin.pl/cgi-bin/koha/opac-detail.pl?biblionumber=10808 _yKatalog online BPK |
||
| 942 |
_2UKD _cKS |
||
| 999 |
_c10808 _d10808 |
||